000
00321nam a2200145Ia 4500
005
20251222152047.0
008
251222s9999||||xx |||||||||||||| ||spa||
020
_a
8477385912
082
_a
591.38/D68
100
_a
Díaz, José A.
245
0
_a
Zoología
250
_a
1ra.ed.
264
_b
Sintesis
942
_c
LIB
999
_c
26291
_d
26291